000 01009nam a22001817a 4500
005 20260124091539.0
008 230712b ||||| |||| 00| 0 eng d
040 _cSSBUL
_dSSBUL
082 _223
_a၉၅၉.၁ ရဲ ၁၆၁၀၅ (S-SAT)
100 _aရဲဘော်သစ်မောင်။
_927847
245 _aပြည်တွင်းသောင်းကျန်းမှုသမိုင်း အပိုင်း(၃) /
_cရဲ‌ဘော်သစ်မောင်။
260 _aရန်ကုန်၊
_bကြေးမုံသတင်းစာတိုက်၊
_c၁၉၉၀။
300 _a၁၉၀ စာမျက်နှာ၊
_bဓာတ်ပုံများ၊
_c၂၃ စင်တီ။
500 _aS-SAT: Dr. Prof Sai Aung Tun
650 _aနိုင်ငံရေးပါတီများ
_zမြန်မာနိုင်ငံ။
_927802
651 _aမြန်မာနိုင်ငံ
_vသမိုင်း။
_912387
942 _2ddc
_cBK1
999 _c27103
_d27103